00550nam a2200169 a 4500008004100000040001500041100002600056245005700082260007300139300004600212336002600258337002800284338002700312650002300339003000100362005001700363  aNUSTcNUST aGaur, R. K.,aauthor. 0aDigital electronics and microcomputers/c R. K Gaur. aNew Delhi, India :bO. P Kapur, Partner, Dhanpat Rai & Sons, c1993. axii, 394 pages :billustrations ;c24 cm. atextbtxt2rdacontent aunmediatedbn2rdamedia avolumebnc2rdacarrier aDigital computers.20230123133918.0